Culture sportive française - Statistiques

Statistiques générales
  • Ce quiz a été pris 310 fois
  • Le résultat moyen est 6 sur 12
Statistiques - réponses
Indice Répondre % Correct
Quel est le nom des 2 frères français prodiges en tennis de table ? Lebrun
90%
Quelle est l'écurie F1 de Esteban Ocon et Pierre Gasly ? Alpine
77%
Combien de fois l'équipe de France de handball a remporté une couronne mondiale (hommes et dames réunis) ? 8
71%
Qui peut-on féliciter pour avoir obtenu le record du monde en 400m quatre nages ? Léon Marchand
67%
Qui est devenu le premier français n°1 de la draft NBA ? Victor Wembanyama
61%
Quelle est la discipline sportive qui comptabilise le plus de médailles françaises aux JO ? Escrime
48%
Quel est le premier français à avoir remporté le ballon d'or ? Raymond Kopa
46%
A qui doit-on le premier titre mondiale de l'histoire française en MotoGP ? Fabio Quartararo
42%
Quel est le tennisman français qui a réalisé un match de 11h05 ? Nicolas Mahut
37%
Quel est le français qui a remporté tous les trophées importants dans sa discipline ? Teddy Riner
33%
Quel est le surnom attribué à Antoine Dupont ? Le Ministre de l'intérieur
26%
Dans quelle discipline sportive Mickaël Mawem est devenu le premier Français à devenir champion du monde ? Escalade
22%
Aucun quiz correspondant
Distribution des résultats
% des personnes avec chaque résultat
Percentile par nombre de réponses
Votre historique - résultats
Vous n’avez pas pris ce quiz